Datum a čas kvízu
23.5
Celkem bodů
Celkový počet nahraných bodů na tomto kvízu bez doplňovacích otázek.
7.
Pořadí na kvízu
Konečné umístění týmu na tomto kvízu.
Zaznamenané odpovědi
| # | Otázka | Odpověď | Body | Výsledky |
|---|---|---|---|---|
| 1. | V maratonu sněmovních debat o... | Karel Havlíček | 1 | |
| 2. | Šéf slovenského parlamentu má... | Boris Kollár, hnutí Jsme rodina | 0 | |
| 3. | Jistý populární komediální ser... | Mr. Bean | 0 | |
| 4. | Jeden rakouský řetězec se spo... | Hervis | 1 | |
| 5. | Minulý týden se ve sportovních... | Tomáš Sivok, České Budějovice | 0 | |
| 6. | Začneme v Africe. Konžské král... | Zair | 1 | |
| 7. | Že Cejlon byl v roce 1972 přej... | C | 1 | |
| 8. | Thajsko je jedinou zemí jihový... | Siam, Město Andělů | 0.5 | |
| 9. | Zřejmě víte, že na území dnešn... | Robinson Crusoe | 1 | |
| 10. | Vzpomenete si na jednoslovný n... | Jugoslávie | 1 |